| 000 | 00632cam a2200217 a 4500 | ||
|---|---|---|---|
| 020 | _a0642455988 | ||
| 020 | _a9780642455987 | ||
| 040 | _cAGL | ||
| 082 | _a634 ACI 2000 A090 Or. | ||
| 100 | 1 | _aHarrison, Steve. | |
| 245 | 1 | 0 | _aSocio-economic evaluation of the potential for Australian tree species in the Philippines / |
| 260 |
_aCanberra : _bACIAR, _c2000. |
||
| 300 |
_aviii, 192 p. : _bill. ; _c21 cm. |
||
| 490 | 1 | _aACIAR monograph series ; | |
| 650 | 0 | _aTrees | |
| 650 | 0 | _aTrees | |
| 650 | 0 | _aTrees | |
| 700 | 1 | _aHerbohn, John. | |
| 710 | 2 | _aAustralian Centre for International Agricultural Research. | |
| 942 | _cEK | ||
| 999 |
_c16006 _d16006 |
||